[Event "EU-Cup 18th"]
[Site "Kallithea"]
[Date "2002.09.23"]
[Round "2.1"]
[White "Aleksandrov, Aleksej"]
[Black "Hickl, Joerg"]
[Result "1-0"]
[WhiteElo "2654"]
[BlackElo "2602"]
[Annotator "Stohl,I"]
[PlyCount "57"]
[EventDate "2002.09.22"]
[EventType "team-swiss"]
[EventRounds "7"]
[EventCountry "GRE"]
[SourceTitle "CBM 092"]
[Source "ChessBase"]
[SourceDate "2003.02.06"]
[SourceVersion "1"]
[SourceVersionDate "2003.02.06"]
[SourceQuality "1"]
[WhiteTeam "Skopje Alkaloid"]
[BlackTeam "Hohenems"]
[WhiteTeamCountry "MKD"]
[BlackTeamCountry "AUT"]

1. d4 c5 2. d5 Nf6 3. c4 e5 4. Nc3 d6 5. e4 Be7 6. Nge2 a6 7. Ng3 {A rare
system, White first develops his pieces and only gradually prepares the siege
of Black's position.} g6 8. Bd3 (8. Be2 h5 9. a3 {A semi-waiting move, but if
White doesn't wnat to play b4 and intends 0-0-0 later, he can certainly do
well without it and just complete his development.} (9. f3 h4 10. Nf1 Nh5 11.
g3 Bf6 12. Be3 Bh3 13. Rg1 hxg3 14. hxg3 Nd7 15. Qd2 Rb8 16. O-O-O Qa5 17. Bf2
Bxf1 18. Bxf1 b5 19. b3 Bg5 20. Be3 Bxe3 21. Qxe3 Nhf6 22. Be2 Ke7 $15 {
Nordahl,H-Johannessen,S/Skei/1995/ An ideal position for Black from the Old
Benoni-his K is safe and he has active play on both flanks.}) (9. Nf1 $142 $5)
(9. Bd2 $5) 9... h4 10. Nf1 Nh5 (10... Nbd7 11. Nd2 (11. Ne3 $142 Nh5 12. Bg4)
11... Nh5 12. g3 Ndf6 13. b4 b6 14. Nf3 hxg3 15. hxg3 Kf8 16. Ng5 Kg7 17. Be3
Nf4 18. Bf3 Rxh1+ 19. Bxh1 Qh8 20. Kd2 Nh3 21. Nxh3 Qxh3 22. Bf3 Ng4 23. Bxg4
Bxg4 24. Qh1 Qxh1 25. Rxh1 f5 26. bxc5 bxc5 27. Rb1 Ra7 28. Rb6 Bf3 $132 {
Alber,H-Hausknecht,M/Bruchkoebel/1993/}) 11. Bg4 Nd7 12. h3 (12. Ne3 {is
certainly more logical.}) 12... Bg5 13. Ne3 Kf8 14. a4 a5 15. Ra3 Ndf6 16. Bxc8
Rxc8 17. Rb3 Rb8 18. Qf3 Bf4 19. Kd1 Nh7 20. Kc2 Ng5 21. Qe2 Qd7 22. Qd3 Kg7
23. Rb6 Nf6 24. Rb3 Nh5 25. Bd2 b6 26. Rb5 Rhf8 27. Ne2 Kh8 28. Be1 f5 $13 {
Hoi,C-Seirawan,Y/Malmo/1979/}) (8. f4 $6 exf4 9. Bxf4 Nbd7 {is not ideal,
White's control of e5 is too weak:} 10. Bd3 h5 11. h3 h4 12. Nge2 Nh5 13. Bh2
Ne5 14. Bxe5 dxe5 15. Qc2 Bg5 16. b4 b6 17. bxc5 bxc5 18. Qa4+ Bd7 19. Qa3 Rc8
20. Qxa6 O-O 21. Qd6 Be3 $44 {|^,Sarthou,G-Vaisman,V/Toulouse/1995/}) 8... h5
9. a3 {Again this move, which later proves to be a loss of time.} ({It's
premature to commit the K with} 9. O-O $6 h4 10. Nge2 Nh5 11. Be3 Bg5 12. Qd2
Bxe3 13. Qxe3 g5 14. a3 Nf4 15. b4 Nd7 16. Nc1 g4 17. Kh1 Qg5 18. N3e2 b6 19.
Bc2 Nf6 20. Nxf4 exf4 21. Qc3 g3 $36 {Moehring,G-Ciocaltea,V/Zinnowitz/1966/})
(9. Bd2 $142 h4 10. Nf1 $14 {/~~}) 9... Nh7 $5 {[%cal Ye7g5] /\Bg5 Black also
avoids committal pawn moves, bith side now finish their development.} (9... h4
10. Nf1 Nh5 11. Ne3 Nf4 12. Bc2 $14 {/\} h3 13. g3 Ng2+ 14. Kf1 Nxe3+ 15. Bxe3
$36) 10. Nf1 Bg5 11. Ne3 Nd7 12. Bd2 O-O 13. Qe2 Rb8 14. g3 (14. b4 $5 $13 {
/+/= was more consistent.}) 14... Ndf6 15. h4 Bh6 16. f3 ({White protects his
Pe4 to avoid lines like} 16. O-O-O Bd7 17. Rdf1 b5 $1 $36) ({Probabaly already
at this moment White intended to hide his K on the <<, but a playable
alternative was} 16. O-O Bh3 (16... Ng4 $5 17. b4 Qc7 18. Ng2 Bxd2 19. Qxd2 $14
) 17. Rfb1 {with chances for an advantage.}) 16... Kh8 17. O-O-O {White goes
for the very double-edged opposite castling, although 9.a3 doesn't go together
with this plan.} (17. O-O $5 Ng8 18. b4 b6 19. Rab1 $14) 17... Bd7 {[%cal
Rb7b4]} 18. a4 {Sooner or later necessary to prevent b5-b4->} Ng8 19. Rdf1 Qe8
20. b3 {[%cal Yf3f5]} f5 {[%cal Yf5f4] /\f4 Black naturally doesn't want to
wait for White to squeeze him to death with f4-f5} 21. f4 $5 exf4 $6 {Black
prematurely starts opening up the position and the superior deployment of
White's forces and his () will show. Black had to activate his pieces to take
part in the fight for the [+].} (21... Nhf6 $142 $1 22. Qg2 (22. exf5 $6 e4 23.
Bc2 gxf5 $15) (22. fxe5 Qxe5 23. exf5 Rbe8 $36) 22... fxe4 $5 (22... b5 23.
exf5 b4 24. Ne4 Nxe4 25. Bxe4 gxf5 $11) 23. Nxe4 Nxe4 24. Bxe4 (24. Qxe4 exf4
25. gxf4 Qxe4 26. Bxe4 Ne7 $15) 24... Nf6 {/\b5<=>}) 22. gxf4 $36 fxe4 $2 {
[%mdl 16384] And this is already a very serious (and decisive) strategic
mistake in the same sense as the previous move. Two bad moves are certainly
enough to ruin a playable (promising) position.} (22... Ne7 23. e5 $16) (22...
Bg7 $142 $1 23. exf5 (23. Rhg1 Nh6 24. Re1 Bd4 $14 {<=>}) 23... gxf5 24. Qf3
Nh6 25. Re1 $14 {/+/-}) 23. Nxe4 $16 {[%csl Rd6,Rg6] /+-,><d6,g6 Now White is
close to winning, Black's position is falling to pieces.} Qe7 (23... Bxf4 $2
24. Bc3+ Be5 25. Nxd6 $18) (23... Rxf4 24. Bc3+ (24. Nxd6 Qe7 25. Rxf4 Bxf4 26.
Ne4 $40) 24... Ngf6 25. Rxf4 Bxf4 26. Rf1 Be5 27. Nxf6 Nxf6 28. Rxf6 Bxc3 29.
Rxg6 Bg4 30. Rh6+ Kg8 31. Nxg4 Qxe2 32. Bxe2 hxg4 33. Rxd6 $18) (23... Bg7 24.
Rhg1 $1 $40 (24. f5 $5 $40) (24. Nxd6 Qe7 25. Ne4 $16)) 24. Rhg1 Be8 (24...
Rxf4 25. Rxg6 Rxf1+ 26. Nxf1 Bg4 27. Qh2 $18 {[%csl Rd6] ><d6}) (24... Qxh4 25.
Bc3+ Bg7 26. Bxg7+ Kxg7 27. Qb2+ Ngf6 (27... Kh6 28. Nxd6 $18) 28. Rh1 Bh3 29.
Rf3 $18) 25. f5 $1 Ngf6 (25... Nhf6 26. Ng5 $1 $18 (26. fxg6 Nxe4 27. Bxe4 $18
{/\} Qxe4 28. Rxf8 Bxg6 29. Rxg6 $1 Rxf8 30. Qxh5)) (25... Bxe3 26. Qxe3 gxf5
27. Bc3+ Ngf6 28. Rxf5 $18) 26. Ng5 gxf5 (26... b5 27. Ne6 bxc4 28. bxc4 Qb7
29. Nd1 $1 $18) (26... Qe5 27. fxg6 (27. Kc2 $5 Bxg5 28. hxg5 Ne4 29. Ng4 $1
hxg4 30. Bxe4 $18) 27... Qa1+ 28. Kc2 Qa2+ 29. Kd1 $18) (26... Bxg5 27. hxg5
Ne4 28. Nc2 $1 gxf5 29. g6 $18) 27. Ne6 $18 {[%csl Ge6] The Ne6 literally cut
Black's position in two.} Rg8 (27... Bxe3 28. Qxe3 Rg8 29. Bxf5 $18 {->}) 28.
Nxf5 Bxd2+ 29. Qxd2 (29. Qxd2 Qd7 (29... Qf7 30. Nh6 $18) 30. Rxg8+ Kxg8 (30...
Nxg8 31. Qc3+ Ngf6 32. Nf8 $1 $18) 31. Rg1+ (31. Nxd6 Qxd6 32. Bxh7+ $18) 31...
Kh8 (31... Ng4 32. Rxg4+ $1 hxg4 33. Nh6+ Kh8 34. Qc3+ $18) 32. Rg7 $18) 1-0

[Event "Pulvermuehle 6th"]
[Site "Pulvermuehle"]
[Date "2006.03.01"]
[Round "5"]
[White "Markos, Jan"]
[Black "Bezold, Michael"]
[Result "0-1"]
[WhiteElo "2493"]
[BlackElo "2534"]
[Annotator "Stohl,I"]
[PlyCount "82"]
[EventDate "2006.02.25"]
[EventType "tourn"]
[EventRounds "9"]
[EventCountry "GER"]
[EventCategory "12"]
[SourceTitle "CBM 112"]
[Source "ChessBase"]
[SourceDate "2006.06.07"]
[SourceVersion "1"]
[SourceVersionDate "2006.06.07"]
[SourceQuality "1"]

1. d4 Nf6 2. c4 c5 3. d5 e5 4. Nc3 d6 5. e4 Be7 6. Bd3 Nbd7 7. Nge2 g6 {
The modern treatment of this line. Black refrains from the early} (7... O-O {
, so as not to give White a clear target. However, it's not clear if launching
an all-out >>-> is the ideal plan anyway:} 8. h3 Ne8 9. g4 Bg5 10. Ng3 g6 11.
Bd2 Ng7 12. Qc1 Bh4 13. Rg1 Kh8 14. Be3 a6 15. a4 Rb8 16. Qd2 Nf6 17. Kd1 Nfe8
18. Kc2 Bd7 19. Nf1 Nc7 20. f4 exf4 21. Bxf4 Bf6 22. Qh2 Bd4 23. Rg2 Nce8 24.
Nd2 f6 25. Nf3 Be5 26. h4 b5 27. h5 {Budnikov,A-Saltaev,M/Vladivostok/1994/} g5
$1 $13) ({A similar example in the same spirit, in which Black pursues his
strategic goals instead of simple development:} 7... a6 8. a4 b6 9. h4 g6 10.
f3 h5 11. Be3 Ng8 12. g3 Bf8 $1 13. Bg5 Qc7 14. Nc1 Bh6 15. Bf1 f6 16. Bd2 Nf8
17. Nd3 Bxd2+ 18. Qxd2 Nh6 19. f4 Bg4 20. Bh3 Bxh3 21. Rxh3 Ng4 22. Rh1 Nd7 23.
Kd1 O-O 24. Nf2 Nxf2+ 25. Qxf2 f5 $15 {Shishkin,V-Eingorn,V/UKR-ch Kharkov/
2004/}) (7... h5 8. f3 Nf8 (8... h4 $142 $1 {can transpose into the game
position.}) 9. Be3 h4 10. Qd2 a6 11. b4 $1 b6 12. Rb1 N6d7 13. Na4 g5 14. bxc5
bxc5 15. Kd1 Ng6 16. Kc2 Kf8 17. g3 Rb8 18. Rxb8 Nxb8 19. Rb1 Nd7 20. Nc1 $14 {
Atalik,S-Trikaliotis,G/Athens/1996/}) 8. f3 ({The interesting} 8. Bh6 $5 {
leads after} Ng4 9. Bd2 h5 10. f3 Ngf6 {to the game position with an extra
tempo for White.} 11. Qc2 (11. h4 $5 $14 {()}) 11... h4 12. O-O-O Kf8 13. g3 a6
14. f4 (14. Rdf1 {[%cal Yc3d1,Yd1e3] /\Nd1-e3 is more patient and limits
Black's <=>.}) 14... Ng4 15. Rdf1 hxg3 16. hxg3 Kg7 17. Nd1 (17. Kb1 $5 $13)
17... b5 $1 18. b3 bxc4 19. bxc4 Rb8 20. Nec3 Ndf6 21. Rxh8 Qxh8 22. Be2 Qh3
23. Qd3 Nh5 $36 {Pedersen,S-Nisipeanu,L/BL 0405/2005/}) 8... h5 $5 $146 {
[%mdl 40] Formally this is a novelty, but we will see that Black intends to
follow Nisipeanu's plan and in fact reaches a known position somewhat later on.
} ({The traditional exchange of the dark-squared B is probably insufficient
for equality after} 8... Nh5 9. Be3 Bg5 10. Qd2 Bxe3 11. Qxe3 a6 12. h4 $5 (12.
O-O O-O 13. g4 Ng7 14. Qh6 f6 15. a4 b6 16. Ng3 Ra7 17. Nd1 a5 18. Qd2 Rf7 19.
Ne3 Nf8 20. f4 exf4 21. Rxf4 Nd7 22. Raf1 Ne5 23. Qe2 Rf8 24. h4 Raf7 $11 {
/=/+,Reshevsky,S-Gheorghiu,F/Skopje/1970/}) 12... Qf6 13. g3 O-O 14. O-O-O Rb8
15. f4 exf4 $6 16. gxf4 Re8 17. e5 $1 dxe5 18. Ne4 Qe7 19. f5 Ndf6 20. fxg6
fxg6 21. Rdg1 b6 22. Rg5 Rb7 23. Rhg1 Kh8 24. d6 Qd8 25. Nxf6 Qxf6 26. Rxg6 $1
$16 {Harikrishna,P-Sahu,S/IND-ch New Delhi/2001/}) 9. Be3 (9. h4 $5 $14 {
Szabo,L-Ristoja,T Helsinki 1975 (6) 1-0 is interesting - White prevents Black
from gaining >>() and his following plan will depend on Black's actions. A
model example of such strategy is}) 9... h4 10. Qd2 Kf8 11. O-O-O {
Pedersen-Nisipeanu shows that Black's >> is very resilient. White can also
concentrate his efforts on the other flank with} (11. a3 Kg7 12. b4 a6 13. Na4
b6 14. Rb1 Nh7 15. bxc5 bxc5 16. O-O Bg5 17. Rb3 $5 $14 (17. f4 $6 exf4 18.
Nxf4 Re8 19. Bc2 Kg8 20. h3 Ne5 $15 {Zhao Xue-Aronian,L/WChT Beer Sheva/2005/})
) 11... Kg7 12. g3 a6 13. Rhg1 ({The prohylactic} 13. Kb1 $5 $14 {takes the
sting out of the following advance.}) 13... b5 $5 14. gxh4 $2 {[%csl Rf3,Rh2,
Rh4][%mdl 16384] A serious strategic mistake. White breaks up his P-structure
and it will be Black, who gets all the >> play.} ({Consistent was} 14. cxb5
axb5 15. Bxb5 $13) ({Also} 14. Rdf1 $5 {[%cal Yc3d1] , freeing d1 for the N
was better, than the text-move.}) 14... b4 {Moreover, now the N is forced to a
bad square.} 15. Nb1 {White won't be able to reactivate this N till the bitter
end, but after} (15. Na4 {it will also remain offside for long.}) 15... Rxh4
16. Ng3 Kh8 17. Rdf1 Nh7 $15 {[%cal Ye7g5] /\Bg5 Black's K is safe and he can
play on the dark squares.} 18. Ne2 (18. f4 exf4 19. Bxf4 Bg5 $36 (19... Ne5 $5)
) 18... Bf6 $5 (18... Rxh2 19. f4 $132) 19. Rf2 Qe7 20. Rfg2 Ndf8 {[%cal Yc8h3,
Yf8d7,Yh8g7,Ya8h8] /\Bh3,Nd7,Kg7,Rh8 etc. Black's position is very solid and
once his second R gets to the >>, White is doomed to passive defence. Markos
tries to avoid this and create some <=>.} 21. Ng3 Ng5 (21... Bh3 $2 22. Nf5 $1
$16) 22. Nf5 $5 (22. Qe2 Nh3 23. Rd1 Nf4 $19) 22... Bxf5 (22... Nxf3 $2 23.
Nxe7 Nxd2 24. Nxc8 Nxb1 25. Nxd6 $18) 23. Rxg5 $6 (23. Bxg5 $142 Bxg5 24. Rxg5
Bd7 25. Qf2 $15) 23... Bd7 24. Bf1 Nh7 25. Qf2 (25. R5g3 Kg7 $36) 25... Rf4 $1
(25... Nxg5 26. Qxh4+ Nh7 $15) 26. R5g2 (26. Bxf4 exf4 27. R5g2 Bh3 $40 {
[%cal Gh8a1] regains the exchange back and dominates on the /^a1-h8[#]}) 26...
a5 $1 $40 27. Nd2 a4 28. h4 $138 {Rather desperate, but White has no
constructive plan.} a3 29. b3 Rxh4 30. Rh2 Kg7 31. Rgh1 Rxh2 32. Qxh2 Rh8 33.
Bh6+ Kg8 $19 {[%cal Gh8h1] White is a P down for nothing and it's Black, who
is poised to invade down the <->h.} 34. Bh3 Nf8 35. Bxf8 (35. Bxd7 Bg5 $5 $19 (
35... Nxd7 36. Qg2 $17)) 35... Qxf8 36. Qg3 Qh6 37. Bg2 Qe3 38. Rxh8+ Kxh8 39.
Bh3 (39. Kd1 Bg5 40. Qe1 Qc3 $19) 39... Bg5 40. Bxd7 Qxd2+ 41. Kb1 Qc1# {
A complete dark-square triumph for Black.} 0-1

[Event "GER CupT"]
[Site "Germany"]
[Date "1991.??.??"]
[Round "?"]
[White "Gutman, Lev"]
[Black "Bischoff, Klaus"]
[Result "1-0"]
[WhiteElo "2445"]
[BlackElo "2495"]
[Annotator "Stohl,I"]
[PlyCount "81"]
[EventDate "1991.??.??"]
[EventType "team"]
[EventRounds "9"]
[EventCountry "GER"]
[SourceTitle "CBM 024"]
[Source "ChessBase"]
[SourceDate "1991.10.01"]
[SourceVersion "1"]
[SourceVersionDate "1991.10.01"]
[SourceQuality "1"]

1. d4 {Schussler} Nf6 2. c4 c5 3. d5 e5 4. Nc3 d6 5. e4 Be7 6. g3 O-O (6... Na6
7. Bg2 Nc7 8. Nge2 Rb8 9. a4 b6 10. Qc2 Na6 11. Na2 O-O 12. O-O Ne8 13. f4 g6
14. fxe5 dxe5 15. Bh6 Ng7 16. Qd2 Nc7 17. Nec1 $1 a5 18. Nd3 $36 {Nikolic,
Pr-Miles,A,Zagreb izt 1987-CBM 04}) 7. Bg2 (7. h4 $5 Na6 8. Bh3 Bxh3 9. Nxh3 b5
$6 10. cxb5 Nc7 11. a4 Qb8 12. O-O a6 13. bxa6 Nxa6 14. f3 Qc8 15. Nf2 Rb8 16.
Qe2 Nb4 17. Kg2 $16 {Ward,C-Hartston,W,Barnsdale YM 1989-TD89_14}) 7... Ne8 (
7... Na6 8. Nge2 Nc7 9. O-O a6 10. a4 b6 11. Qd3 Rb8 12. Bd2 Bd7 13. Nd1 b5 14.
b3 bxa4 15. bxa4 Nfe8 16. h3 $14 {Drasko,M-Serebrjanik,A,Vrnjacka Banja
1991-CBM 23}) 8. Nge2 Nc7 9. O-O Bd7 10. Be3 (10. a4 Nba6 11. h3 Nb4 12. Kh2
Rb8 13. f4 Bf6 14. Ng1 a6 15. a5 b5 16. axb6 Na8 17. Nf3 Nxb6 18. Qe2 $14 {
Topalov,V-Hickl,J,Altensteig 1990-CBM 20}) 10... Nba6 (10... b5 $5 11. Bxc5
dxc5 12. d6 $14) 11. a3 b5 12. b4 $1 $36 Bg5 (12... bxc4 $2 13. bxc5 $18) (
12... cxb4 13. axb4 bxc4 (13... Nxb4 14. c5 $1 (14. Qb1 a5 15. Bb6 bxc4 16.
Bxa5 Nba6 17. Qa2 Qc8 18. Qxc4 Nb5 $10) 14... a5 15. c6 Bc8 16. Bb6 $16) 14. b5
Nb8 15. Qb1 $16 {><a7,c4}) 13. f4 Bf6 14. Rb1 $1 cxb4 (14... bxc4 15. b5 Nb8
16. a4 $16) 15. axb4 bxc4 $8 16. b5 Nc5 (16... Nb8 $142 $5 17. Qd2 $14) 17.
Bxc5 dxc5 18. d6 Ne8 (18... Ne6 $6 19. Qd5 Nd4 (19... exf4 20. e5 Bg5 21. gxf4
Bh6 22. Qxa8 $18) 20. fxe5 Be6 21. Qxc5 $16) 19. fxe5 Bxe5 20. Qd5 $1 Bxc3 (
20... Bxd6 $2 21. e5 $18) 21. Nxc3 Be6 22. Qxc5 Rc8 (22... Qxd6 23. Qxd6 Nxd6
24. e5 $16) 23. Qxa7 Qxd6 24. Rfd1 Qe5 25. Qd4 $1 $16 Qxd4+ 26. Rxd4 Nf6 (26...
f6 $5 27. b6 Rf7 $16) 27. b6 Nd7 28. b7 Rb8 29. Rd6 {/\Nd5-c7} Rfd8 30. Rb5 Kf8
31. e5 $18 Ke7 32. Bc6 f6 33. Nd5+ Kf7 (33... Bxd5 34. Rbxd5 Nxe5 35. Rxd8 $18)
34. Nc7 c3 $6 35. Be4 (35. Nxe6 $5 c2 36. Nxd8+ (36. Rxd7+ Rxd7 37. Rc5 Rd1+)
36... Kf8 $8 (36... Rxd8 37. Bd5+ {/\Rc6}) 37. Rxd7 $1 (37. Ne6+ Kg8 $13) 37...
c1=Q+ 38. Kg2 Qc2+ 39. Kh3 Qf5+ 40. g4 $18) 35... Bc4 36. Rb4 Nxe5 37. Rxd8
Rxd8 38. b8=Q Rd1+ (38... Rxb8 39. Rxb8 Bd3 40. Bd5+ Ke7 41. Rb3 c2 42. Rc3 $18
) 39. Kf2 Ng4+ 40. Kf3 Ne5+ 41. Ke3 {Stohl,I} (41. Ke3 Ng4+ 42. Kf4) 1-0

[Event "Beersheba"]
[Site "Beersheba"]
[Date "1996.??.??"]
[Round "10"]
[White "Avrukh, Boris"]
[Black "Kantsler, Boris"]
[Result "1-0"]
[WhiteElo "2495"]
[BlackElo "2475"]
[Annotator "Stohl,I"]
[PlyCount "101"]
[EventDate "1996.03.??"]
[EventType "tourn"]
[EventRounds "11"]
[EventCountry "ISR"]
[EventCategory "10"]
[SourceTitle "CBM 053"]
[Source "ChessBase"]
[SourceDate "1996.08.01"]
[SourceVersion "1"]
[SourceVersionDate "1996.08.01"]
[SourceQuality "1"]

1. d4 d6 (1... Nf6 2. c4 c5 3. d5 e5 4. Nc3 d6 5. e4 (5. g3 Be7 6. Bg2 O-O 7.
e4 Nbd7 8. Nge2 Ne8 9. O-O a6 10. f4 Bf6 11. Be3 g6 12. Qd2 Ng7 13. f5 g5 14.
g4 Be7 15. a3 f6 16. Rfc1 Kf7 17. Ng3 Rh8 18. Bf3 h6 19. b4 b6 20. Rab1 Qc7 21.
Be2 $16 {Debnar,L-Rakay,K/SVK-chT 9596/1996/}) 5... Be7 6. g3 O-O 7. Bg2 Ne8 8.
Nge2 g6 9. Bh6 Ng7 10. f4 exf4 11. gxf4 Bh4+ 12. Ng3 f5 13. O-O Bf6 14. Qd2 Rf7
15. Kh1 Na6 16. Rae1 fxe4 17. Ncxe4 Be7 18. Ng5 Bxg5 19. Bxg5 $40 {Garcia
Palermo,C-Fernandez,Mau/Najdorf op/1996/}) 2. c4 Nf6 3. Nc3 Nbd7 4. e4 e5 5. d5
$5 {[%cal Yb2b4,Yc4c5,Yg2g3,Yf2f4,Yf7f5] White blockades the center
immediately and goes for a King's Indian type structure. His space advantage
gives him a chance to choose his plan-usual play on the Q-side (b4,c5) or gain
more space on the other flank (g3!?,f4) Black's counterchances lie suusally
only on the K-side (f5).} (5. Nf3 Be7 6. Be2 {-A55}) 5... Be7 (5... Nc5 $5 6.
f3 a5 7. Be3 Be7 $132) 6. g3 $1 O-O 7. Bg2 Ne8 8. Nge2 g6 (8... Bg5 9. f4 exf4
10. gxf4 Bh4+ 11. Ng3 f5 12. O-O fxe4 13. Ncxe4 $36 {[%csl Re6] /\Ng5,><e6}) 9.
O-O c5 $5 {Only with this move Black transposes to an Old Benoni (A56) with
the pawn chain typical for this opening. Both White and Black will play in the
center and on the K-side (f4/f5).} (9... Ng7 10. Bh6 $14 {-A53}) (9... f5 10.
f4 $14 (10. exf5 $5 gxf5 11. f4 e4 12. g4 $36)) 10. Bh6 Ng7 11. Qd2 Nf6 {
[%cal Rf6g4] /\Ng4} (11... f5 12. f4 Bf6 13. Rae1 $36 {A typical position from
this line of the Old Benoni. White is at least slightly better, as his pieces
are better placed for the imminent opening of the center-he has a lead in
development. Also the Pd6 and e6-square may become weaknesses due to White's
space advantage.}) 12. h3 Kh8 13. Kh2 (13. f4 $6 Ng8 14. Bxg7+ Kxg7 15. fxe5
dxe5 $13) (13. Be3 $5 Nd7 (13... Rb8 14. Nc1 Nfh5 15. Nd3 f5 16. Bh6 Bd7 17.
Kh2 Rf7 18. f4 exf4 19. Nxf4 Bf6 20. exf5 Nxf5 21. Nxh5 gxh5 22. Bf4 h4 23. g4
Ng3 24. Bxd6 Bf5 25. Bf4 Nxf1+ 26. Rxf1 Bg6 27. d6 $44 {+/-,Sjoberg,M-Jacobsen,
B/EU-Cup Gr1 Eupen/1994/}) (13... Ng8 14. f4 Bf6 15. Rab1 b6 16. b4 Bd7 17.
bxc5 bxc5 18. Nb5 Bc8 19. Rb3 a6 20. Nbc3 Bd7 21. Rfb1 Re8 22. Rb7 Ne7 23. Nd1
Nc8 24. Nf2 Be7 25. Nd3 f6 26. Kh2 $16 {[%csl Gc4,Gd5,Ge4,Gf4][%cal Gb1b7]
<->b,()[+],Paunovic,T-Tomaszewski/Naleczow/1988/}) 14. Rad1 f5 15. Bh6 Nf6 16.
f4 exf4 17. Nxf4 fxe4 18. Nxe4 Nxe4 19. Bxe4 Bf6 20. g4 $1 Bd7 21. Bb1 Kg8 22.
Ne2 Qe7 23. Kg2 b5 24. Nc3 bxc4 25. Ne4 Bh4 26. Qc3 $40 {[%cal Re4d6] /\Nd6,
Topalov,V-Manolov,I/Elenite/1992/}) 13... Bd7 $146 (13... Ng8 14. Be3 f5 15. f4
Bf6 16. fxe5 Bxe5 17. Bf4 Bxf4 18. Nxf4 Nf6 19. Rae1 fxe4 20. Nxe4 Nxe4 21.
Bxe4 Bf5 22. Bxf5 Rxf5 23. g4 Rf8 24. Qc3 Qf6 25. Qxf6 Rxf6 26. Ne2 Rxf1 27.
Rxf1 Kg8 28. Nc3 Rf8 29. Rxf8+ Kxf8 30. Nb5 $16 {[%csl Rd6] Magerramov,
E-Serebrjanik,A/Moscow op Russian Winter/1991/ This game nicely shows Black's
organic weak points (d6) persist deep until the endgame.}) 14. Be3 (14. Rae1
$14) 14... Nfh5 15. Rae1 (15. f4 $5 $14) 15... f5 16. f4 $36 Bf6 (16... exf4
17. Nxf4 Bf6 (17... Nxf4 18. Bxf4 g5 19. Be3 Bf6 20. exf5 Nxf5 21. Ne4 $36) 18.
Nd3 $5 $14) (16... fxe4 $2 17. fxe5 $16) 17. Bf2 $5 {[%cal Ye4f5] /\ef5} (17.
Nc1 exf4 18. gxf4 fxe4 19. Nxe4 Nf5 $13) 17... exf4 (17... fxe4 $5 18. Nxe4
exf4 19. gxf4 $5 (19. Nxd6 $6 Be5 $40) (19. g4 Be5 $1 $15) (19. Nxf4 Nxf4 20.
Qxf4 Be5 $1 21. Qd2 Nf5 $10) (19. Nxf6 fxg3+ (19... Qxf6 20. Nxf4 Nxf4 21. Be3
$1 $14) 20. Bxg3 Nxg3 21. Nxg3 Rxf6 $15) 19... Nf5 20. Nxf6 Qxf6 21. Nc3 $14)
18. Nxf4 Nxf4 19. gxf4 $1 $8 (19. Qxf4 $2 Be5 {[%cal Rf5f4] /\f4->}) 19... Re8
(19... fxe4 20. Nxe4 $36) 20. Re2 Qa5 21. Be1 $1 (21. Rfe1 Bxc3 $5 22. bxc3
fxe4 $15 {[%csl Rc3,Rc4,Rf4] ><c3,c4,f4}) 21... Nh5 (21... fxe4 22. Nxe4 Qxd2
23. Bxd2 Bxb2 24. Rb1 $16) 22. Qd3 Qd8 23. Bd2 Bh4 $6 (23... Re7 $5 {[%cal
Yd8f8,Ya8e8] /\Qf8,Rae8} 24. Bf3 (24. Nd1 fxe4 25. Bxe4 Qf8 $13) 24... Ng7 25.
Rfe1 Bh4 26. Rg1 $14) 24. Re3 {[%cal Re4e5] /\e5} fxe4 25. Nxe4 {[%cal Rb2h8]
גa1-h8} Bf5 26. b4 $1 b6 (26... cxb4 27. Bxb4 Nf6 28. Bc3 $40) 27. Bc3+ Kg8
28. bxc5 bxc5 29. Ba1 {[%cal Rd3c3] /\Qc3+-} Bxe4 $8 30. Rxe4 Bf6 31. Bxf6 Qxf6
32. Re6 $1 $16 Qh4 (32... Rxe6 33. dxe6 Rd8 34. Bd5 Kg7 35. Qe4 $16) 33. f5 $1
gxf5 34. Qxf5 Rf8 35. Qg4+ Qxg4 36. hxg4 {After transposing to an endgame
White wins the crucial d-pawn. Although Black succeeds in equalizing the
material balance soon afterwards, the strong B, more active Rooks and above
all dangerous passed d-pawn will decide the game in White's favour.} Nf4 (36...
Rxf1 37. Bxf1 Ng7 38. Rxd6 $18) 37. Rxd6 Rab8 (37... Nxg2 38. Kxg2 Rxf1 39.
Kxf1 Rf8+ 40. Ke2 Rf4 41. Kd3 $18) 38. Kg3 $2 $138 (38. Be4 $142 $1 {-42.Be4})
38... Ne2+ $2 $138 (38... Nxg2 39. Kxg2 (39. Rxf8+ Kxf8 $1 40. Kxg2 Rb4 $132)
39... Rxf1 40. Kxf1 Rb4 41. Rd8+ Kf7 $44) 39. Kh4 Nf4 40. Kg3 Ne2+ $2 41. Kh2
Nf4 42. Be4 $1 Rb2+ 43. Kh1 Rb4 44. Rd7 h6 45. Bf5 $1 Rxc4 46. d6 $18 {[%csl
Gd6] o^d6} h5 (46... Rd4 47. Rb1 (47. Rc7 $18) 47... Re8 48. Rbb7 Rd2 49. Rg7+
Kh8 50. Rge7 $1 Rd8 51. d7 $18 {[%cal Re7e8] /\Re8}) 47. Rg1 $1 h4 $8 (47...
hxg4 48. Rxg4+ Kh8 49. Rh7#) 48. Rf1 Rd4 49. Rc7 Ng6 50. d7 Rd6 51. Re1 {
[%cal Re1e8,Rc7c8] /\Rc8,Re8+-} 1-0